| 000 | 01295nam0a22002771 4500 | ||
|---|---|---|---|
| 001 | rc\3996977 | ||
| 005 | 20130415123828.5 | ||
| 021 |
_aRU _b[55-19535] |
||
| 035 | _a(NLR Aleph) 008070930 | ||
| 090 |
_a9062316 _c9062316 |
||
| 100 | _a20130415d1955 |||y0rusy50 ca | ||
| 101 | 0 | _arus | |
| 102 | _aRU | ||
| 105 | _aa z ||||| | ||
| 200 | 1 |
_aСамописец уровня воды стоковых площадок _e(Описание и инструкция по эксплуатации) _fГл. упр. гидрометеорол. службы при Совете Министров СССР. Гос. ордена Труд. Красного Знамени гидрол. ин-т. Бюро гидрол. расчетов и справок БРИС ГГИ |
|
| 210 |
_aЛенинград _cБ. и. _d1955 |
||
| 215 |
_a11 с. _cчерт. _d20 |
||
| 300 | _aВ конце текста сост.: инж. Бурэ Г.Н. | ||
| 606 |
_aУказатели уровня воды в водоемах, самопишущие _2psbo |
||
| 702 | 1 |
_aБурэ _bГ. Н. _4220 |
|
| 712 | 0 | 2 |
_aГидрологический институт _cЛенинград _3RU\NLR\AUTH\889989782 |
| 801 | 0 |
_aRU _bNLR _gpsbo |
|
| 801 | 1 |
_aRU _bELAR _2rusmarc |
|
| 852 |
_aNLR _jГн10 Г-4/382 |
||
| 942 | _cBOOK | ||
| 980 | _aNB | ||